| 000 | 00885nam a2200277Ia 4500 | ||
|---|---|---|---|
| 005 | 20220316235531.0 | ||
| 008 | 121119s2000 sp gr 000 0 spa | ||
| 020 | _a8449308534 | ||
| 041 | 1 | _aspa | |
| 082 | 0 | 4 |
_a123.5 _bF76M |
| 100 | 1 |
_aFromm, Erich _d1900-1980 |
|
| 245 | 1 | 3 |
_aEl miedo a la libertad _cErich Fromm ; prefacio a la edición castellana y traducción de Gino Germani |
| 250 | _aPrimera edición | ||
| 300 |
_a287 páginas _c19 cm |
||
| 490 | 0 | _aBiblioteca Erich Fromm | |
| 650 | 1 | 4 |
_aAntropología filosófica _2LEMB |
| 650 | 1 | 4 |
_aDerechos civiles _2LEMB |
| 650 | 1 | 4 |
_aTotalitarismo _2LEMB |
| 700 | 1 |
_aGermani, Gino _etraductor _938514 |
|
| 942 |
_2ddc _cBK |
||
| 264 |
_aBarcelona _bPaidós _c2000 |
||
| 336 |
_atexto _btxt _2rdacontent |
||
| 337 |
_asin mediación _bn _2rdamedia |
||
| 338 |
_avolumen _bnc _2rdacarrier |
||
| 040 |
_aCO-BoRNBP _bspa _erda _cCO-BoRNBP |
||
| 999 |
_c1264 _d1264 |
||